000 00371nam a2200133Ia 4500
008 151001s9999||||xx |||||||||||||| ||und||
100 _aसुरेश वैद्य
245 _aआम्रपाली
250 _a1
260 _bशब्दसन्मान प्रकाशन पुणे
260 _c1992
300 _a240
365 _b21
999 _c975292
_d975289